Capitals of the Americas and Oceania - Statistics

General Stats
  • This quiz has been taken 52 times
  • The average score is 37 of 49
Answer Stats
Hint Answer % Correct
Brazil Brasilia
100%
Argentina Buenos Aires
100%
Canada Ottawa
100%
Colombia Bogota
95%
Australia Canberra
95%
Cuba Havana
95%
Mexico Mexico
95%
Panama Panama
95%
Guatemala Guatemala
89%
Jamaica Kingston
89%
Saint Vincent and the Grenadines Kingstown
89%
Peru Lima
89%
Ecuador Quito
89%
El Salvador San Salvador
89%
Chile Santiago
89%
New Zealand Wellington
89%
Belize Belmopan
84%
Bolivia La Paz
84%
Bahamas Nassau
84%
Dominican Republic Santo Domingo
84%
United States of America Washington
84%
Barbados Bridgetown
79%
Venezuela Caracas
79%
Guyana Georgetown
79%
Nicaragua Managua
79%
Haiti Port-au-Prince
79%
Grenada Saint George's
79%
Costa Rica San Jose
79%
Paraguay Asuncion
74%
Uruguay Montevideo
74%
Antigua and Barbuda Saint John's
74%
Fiji Suva
74%
Suriname Paramaribo
68%
Papua New Guinea Port Moresby
68%
Honduras Tegucigalpa
68%
Marshall Islands Majuro
63%
Dominica Roseau
63%
Kiribati South Tarawa
63%
Samoa Apia
58%
Nauru Yaren
58%
Saint Kitts and Nevis Basseterre
53%
Saint Lucia Castries
53%
Solomon Islands Honiara
53%
Palau Ngerulmud
53%
Tonga Nuku'alofa
53%
Trinidad and Tobago Port of Spain
53%
Tuvalu Funafuti
47%
Vanuatu Port Vila
47%
Micronesia Palikir
42%
No matching quizzes found
Score Distribution
Percent of People with Each Score
Percentile by Number Answered
Your Score History
You have not taken this quiz